Welcome to CU Library Online Public Access Catalogue (OPAC)

APPLICATIONS.COMMUNICATION ; (Record no. 2382)

MARC details
000 -LEADER
fixed length control field 00482nam a22001697a 4500
005 - DATE AND TIME OF LATEST TRANSACTION
control field 20241217112842.0
008 - FIXED-LENGTH DATA ELEMENTS--GENERAL INFORMATION
fixed length control field 241217b |||||||| |||| 00| 0 eng d
020 ## - INTERNATIONAL STANDARD BOOK NUMBER
International Standard Book Number 9780931054754
050 ## - LIBRARY OF CONGRESS CALL NUMBER
Classification number P90
Item number PAY
100 ## - MAIN ENTRY--PERSONAL NAME
Personal name PAYNE, JAMES
245 ## - TITLE STATEMENT
Title APPLICATIONS.COMMUNICATION ;
Remainder of title FOR PERSONAL AND PROFESSIONAL CONTEXT/
260 ## - PUBLICATION, DISTRIBUTION, ETC.
Place of publication, distribution, etc. TOPEKA
Name of publisher, distributor, etc. CLARK PUBLISHING, INC
Date of publication, distribution, etc. c2000
300 ## - PHYSICAL DESCRIPTION
Extent xvii,526p;
Other physical details ill.;
500 ## - GENERAL NOTE
General note includes glossary
700 ## - ADDED ENTRY--PERSONAL NAME
Personal name CARLIN, DIANA
942 ## - ADDED ENTRY ELEMENTS (KOHA)
Source of classification or shelving scheme Library of Congress Classification
Koha item type Books
Suppress in OPAC No
999 ## -
-- 2382
-- 2382
Holdings
Withdrawn status Lost status Source of classification or shelving scheme Damaged status Not for loan Collection Home library Current library Shelving location Date acquired Total checkouts Full call number Barcode Date last seen Copy number Price effective from Koha item type
    Library of Congress Classification     Non-fiction Undergraduate Library (Christ Temple) Undergraduate Library (Christ Temple) General stacks 12/17/2024   P90 PAY ulct00000667 12/17/2024 1 12/17/2024 Books
© 2023-2024 Copyright: Central University Libraries. All Rights Reserved | Created by: Mahone Tech Office